01480nam a2200265 a 450000100100000000500170001000800410002702000180006802000180008604100080010404300120011208200070012410000360013124500810016725000120024826000320026030000260029249000420031850000420036052006920040265000350109465000260112965000280115565000310118300008603420200120224919.0180913s2017 ck | e 000 d spa d a9789584258601 a9789584258588 aspa as-ck---042211 aMendoza Zambrano, Mario,d1964-10aEl libro de las revelaciones :b(más allá de lo real) /cMendoza, Mario. a2a. ed. aBogotá :bPlaneta,c2017. a299 Paginas ;c24 cm. 0aAutores españoles e iberoamericanos aIncluye datos biográficos del autor3 aLa razón es una promesa que pocos se atreven a cuestionar con la valentía de contemplar esta civilización desde una ventana con vista al fin del mundo. Mario Mendoza lo sabe, por eso ha decidido profundizar en las relaciones cada vez más estrechas que los descubrimientos de la ciencia establecen con saberes milenarios. La inconformidad ante el presente y la curiosidad por esa idea ajena llamada futuro señalan el camino del autor, quién teje aquí una red de ensayos, investigaciones y reflexiones para atajar, desde la no ficción, preguntas que nos enfrentan a la fragilidad de ser humanos. Algo se desmorona bajo nuestros pies y nadie sabe dónde termina la caída.14aCuentos colombianosySiglo XXI24aRevelacionesvEnsayos24aMuerte en la literatura24aExorcismo en la literatura